00166nam a2200061Ia 4500245002300000100004000023008004100063 0aGates of paradise  a ANDREWS, Virginia London, 1990 210817s9999 xx 000 0 und d